| 000 -LEADER |
| fixed length control field |
00664nam a2200229Ia 4500 |
| 001 - CONTROL NUMBER |
| control field |
18270 |
| 003 - CONTROL NUMBER IDENTIFIER |
| control field |
GE_BSU |
| 005 - DATE AND TIME OF LATEST TRANSACTION |
| control field |
20230324163837.0 |
| 008 - FIXED-LENGTH DATA ELEMENTS--GENERAL INFORMATION |
| fixed length control field |
181216s2007||||fr |||||||||||||| ||fre|| |
| 020 ## - INTERNATIONAL STANDARD BOOK NUMBER |
| International Standard Book Number |
9782090352146 |
| 040 ## - CATALOGING SOURCE |
| Transcribing agency |
GE_BSU |
| 080 ## - UNIVERSAL DECIMAL CLASSIFICATION NUMBER |
| Universal Decimal Classification number |
811.133.1 G-72 |
| 100 ## - MAIN ENTRY--PERSONAL NAME |
| Personal name |
Grand-Clement,Odile |
| 9 (RLIN) |
17255 |
| 245 ## - TITLE STATEMENT |
| Title |
Civilisation en dialogues : |
| Remainder of title |
Niveau debutant / |
| Statement of responsibility, etc. |
Odile Grand-Clement. |
| 264 ## - PRODUCTION, PUBLICATION, DISTRIBUTION, MANUFACTURE, AND COPYRIGHT NOTICE |
| Place of production, publication, distribution, manufacture |
Paris : |
| Name of producer, publisher, distributor, manufacturer |
CLE International, |
| Date of production, publication, distribution, manufacture, or copyright notice |
2007. |
| 300 ## - PHYSICAL DESCRIPTION |
| Extent |
128 p. : |
| Other physical details |
ill. ; |
| Dimensions |
29cm. |
| Accompanying material |
+1CD |
| 653 ## - INDEX TERM--UNCONTROLLED |
| keyword |
Civilisation en dialogues |
| 653 ## - INDEX TERM--UNCONTROLLED |
| keyword |
Niveau debutant |
| 653 ## - INDEX TERM--UNCONTROLLED |
| keyword |
ფრანგული ენა |
| 942 ## - ADDED ENTRY ELEMENTS (KOHA) |
| Koha item type |
წიგნი |
| Source of classification or shelving scheme |
|